| 000 | 00579nam a2200145Ia 4500 | ||
|---|---|---|---|
| 008 | 100204s9999 xx 000 0 und d | ||
| 082 | _b10244 | ||
| 100 | _aदेवळे शं. रा. | ||
| 245 | _aथोरांच्या नवलकथा भाग - 8 | ||
| 260 |
_b"अनाथ विद्यार्थी गृह प्रकाशन, पुणे" _c1967 |
||
| 300 | _a32 | ||
| 630 | _aथोरांच्या नवलकथा भाग - 8 | ||
| 730 | _aथोरांच्या नवलकथा भाग - 8 | ||
| 942 | _cBOOK | ||
| 999 |
_c454680 _d454677 |
||